000 00767nam a2200217Ia 4500
003 GCL
008 140319s9999 xx 000 0 ara d
040 _aGCL /
_cGCL
082 0 4 _a731.462
_bع ف
100 1 _aعنايات المهدى
245 1 0 _aفن الحفر على الخشب :
_bطريقة التنفيذ مع تصميمات معدة للحفر وعرض لموضوعات تامة التنفيذ /
_cعنايات المهدى
250 _aالاولى
260 _aالقاهرة :
_bمكتبة ابن سيناء ،
_c1990
300 _a207 ص ؛
_c24سم
650 0 4 _aالطرق الفنية
650 0 4 _aالفنون التشكيلية
650 0 4 _aالتصميم
650 0 4 _aحفر الخشب
650 0 4 _aالحفر
942 _2ddc
_cBK
999 _c58517
_d58517